00577nam a2200241Ia 450000500170000000800460001702000180006303700100008104000080009104000080009904000080010704100080011504100080012308400080013110000180013924500300015724500500018726000230023726000090026036500050026936500080027485600530028220260324142216.0008 260324s9999 xx 000 0 eng d a9781315701288 aEBOOK aCRL beng cCRL 2eng aeng qCRL aVictor Lippit 0aRadical Political Economy 0bExplorations in Alternative Economic Analysis bTaylor and Francis c1995 a b280 uhttp://www.taylorfrancis.com/books/9781315701288